| 000 | 00388 a2200133 4500 | ||
|---|---|---|---|
| 001 | ART_38007 | ||
| 005 | 20260410161751.0 | ||
| 008 | 260409a | ||
| 245 | 1 | 0 | _aEl blanqueo de moneda extranjera en el exterior |
| 100 | 1 | _aKaplan, Hugo E. | |
| 700 | 1 | _aVolman, Mario | |
| 700 | 1 | _aGraña, Fabián P. | |
| 773 | 0 |
_tDoctrina tributaria _g- Nº 418 (ene. 2015) _wREV4296 |
|
| 999 |
_c19698 _d19698 |
||